000
00221 a2200097 4500
001
46140
100
_a
Venaleles P F R
245
_a
Technical Education
260
_a
London
_b
G Bell & Sons Ltd
_c
090
_c
29243
_d
29243
942
_a
NUST-CAE
_c
M
_c
21384
999
_c
281213
_d
281213